[Event "Europa ch 2014"]
[Site "Yerevan ARM"]
[Date "2014.03.14"]
[Round "11.31"]
[White "Rozum, Ivan"]
[Black "Popov, Ivan RUS"]
[Result "0-1"]
[WhiteElo "2505"]
[BlackElo "2650"]
[PlyCount "54"]
[EventDate "2014.03.03"]
[EventType "swiss"]
[EventRounds "11"]
[EventCountry "ARM"]
[Source "lmi"]
[SourceDate "2014.03.02"]

1. b3 e5 2. Bb2 Nc6 3. e3 g6 4. Nf3 Bg7 5. c4 d6 6. d4 e4 7. Nfd2 f5 8. h4 Nf6
9. Be2 h6 10. Nc3 O-O 11. d5 Ne5 12. Qc2 Nfg4 13. Nd1 Qe7 14. g3 c5 15. Bc3 g5
16. hxg5 hxg5 17. Nb2 f4 18. gxf4 gxf4 19. Nxe4 fxe3 20. f4 Rxf4 21. Ng3 Nf2
22. Rg1 Qh4 23. Bxe5 dxe5 24. Qg6 Bg4 25. Nd1 Qh2 26. Bxg4 Qxg1+ 27. Ke2 Nxg4
0-1

[Event "Europa ch 2014"]
[Site "Yerevan ARM"]
[Date "2014.03.14"]
[Round "11.33"]
[White "Nadanian, Ashot"]
[Black "Ragger, Markus"]
[Result "0-1"]
[WhiteElo "2399"]
[BlackElo "2644"]
[PlyCount "65"]
[EventDate "2014.03.03"]
[EventType "swiss"]
[EventRounds "11"]
[EventCountry "ARM"]
[Source "lmi"]
[SourceDate "2014.03.02"]

1. d4 d5 2. c4 c6 3. cxd5 cxd5 4. Nc3 Nc6 5. Bf4 Nf6 6. e3 Bg4 7. Qb3 Na5 8.
Qa4+ Bd7 9. Qc2 e6 10. Nf3 Nh5 11. Bg5 f6 12. h4 Nc6 13. g4 fxg5 14. hxg5 Nf6
15. gxf6 Qxf6 16. Nd2 O-O-O 17. Rxh7 Rxh7 18. Qxh7 Bd6 19. Nb5 Bb8 20. Nb3 a6
21. Nc3 Bd6 22. a3 Kb8 23. Be2 Bc8 24. Na4 e5 25. dxe5 Nxe5 26. Nd4 Nxg4 27.
Bxg4 Bxg4 28. b4 Be5 29. Rc1 Bxd4 30. exd4 Re8+ 31. Kf1 Be2+ 32. Kg1 Qg5+ 33.
Kh2 0-1

[Event "Europa ch 2014"]
[Site "Yerevan ARM"]
[Date "2014.03.14"]
[Round "11.35"]
[White "Petrosian, Tigran L"]
[Black "Danielian, Elina"]
[Result "1-0"]
[WhiteElo "2639"]
[BlackElo "2467"]
[PlyCount "107"]
[EventDate "2014.03.03"]
[EventType "swiss"]
[EventRounds "11"]
[EventCountry "ARM"]
[Source "lmi"]
[SourceDate "2014.03.02"]

1. Nf3 Nf6 2. g3 d5 3. Bg2 e6 4. O-O Be7 5. d3 O-O 6. Nbd2 c5 7. e4 Nc6 8. Re1
b5 9. exd5 exd5 10. a4 bxa4 11. Rxa4 Re8 12. b3 a5 13. Bb2 Bd7 14. Rf4 h6 15.
Nh4 Nb4 16. Nf5 Bxf5 17. Rxf5 a4 18. bxa4 Rxa4 19. Rfe5 Bf8 20. Rxe8 Nxe8 21.
Bf1 Ra7 22. Nf3 Nf6 23. Ne5 Qb6 24. c3 Nc6 25. Nxc6 Qxc6 26. c4 d4 27. Bc1 Bd6
28. Bg2 Qb6 29. Qf3 Ra1 30. Rf1 Be5 31. Qf5 Qb8 32. Re1 Bd6 33. Kf1 Qd8 34. Qf3
Bc7 35. Kg1 Ba5 36. Rf1 Bc7 37. Qc6 Qe7 38. Qb7 Bd6 39. Qb2 Qa7 40. Bf3 Qa5 41.
Kg2 Qc3 42. Qb6 Rxc1 43. Rxc1 Qxc1 44. Qxd6 Qa3 45. h4 h5 46. Qe5 Qxd3 47. Qxc5
g6 48. Qd6 Ng4 49. c5 Qc3 50. c6 d3 51. c7 Kg7 52. Qd8 Ne3+ 53. fxe3 Qd2+ 54.
Kh3 1-0

[Event "Europa ch 2014"]
[Site "Yerevan ARM"]
[Date "2014.03.14"]
[Round "11.36"]
[White "Ivanisevic, Ivan"]
[Black "Lie, Kjetil A"]
[Result "1-0"]
[WhiteElo "2633"]
[BlackElo "2509"]
[PlyCount "43"]
[EventDate "2014.03.03"]
[EventType "swiss"]
[EventRounds "11"]
[EventCountry "ARM"]
[Source "lmi"]
[SourceDate "2014.03.02"]

1. d4 d6 2. e4 Nf6 3. Nc3 g6 4. Be3 c6 5. h3 b5 6. e5 Nfd7 7. exd6 exd6 8. d5
b4 9. Qd4 Nf6 10. Ne4 Bg7 11. dxc6 Nxc6 12. Nxd6+ Ke7 13. Nxc8+ Rxc8 14. Qc5+
Ke8 15. Rd1 Nd7 16. Qd5 Bxb2 17. Bb5 Bc3+ 18. Kf1 Nde5 19. Ne2 Qxd5 20. Rxd5
Bb2 21. Rc5 g5 22. Nd4 1-0

[Event "Europa ch 2014"]
[Site "Yerevan ARM"]
[Date "2014.03.14"]
[Round "11.37"]
[White "Swiercz, Dariusz"]
[Black "Melia, Salome"]
[Result "1-0"]
[WhiteElo "2631"]
[BlackElo "2453"]
[PlyCount "107"]
[EventDate "2014.03.03"]
[EventType "swiss"]
[EventRounds "11"]
[EventCountry "ARM"]
[Source "lmi"]
[SourceDate "2014.03.02"]

1. Nf3 Nf6 2. c4 e6 3. Nc3 d5 4. d4 c5 5. cxd5 Nxd5 6. e4 Nxc3 7. bxc3 cxd4 8.
cxd4 Bb4+ 9. Bd2 Bxd2+ 10. Qxd2 O-O 11. Rc1 b6 12. Bd3 Bb7 13. O-O Nc6 14. d5
exd5 15. exd5 Ne7 16. d6 Nd5 17. Ng5 Nf6 18. Bc4 Rc8 19. Rfe1 Rc7 20. Qd3 Rd7
21. Qb3 Nd5 22. Bxd5 Qxg5 23. Bxb7 Rxb7 24. Rcd1 Rd7 25. Rd5 Qf6 26. Red1 Re8
27. Qb5 Red8 28. Qc6 g6 29. g3 Kg7 30. h4 h5 31. Kg2 Kg8 32. R1d4 Qe6 33. Kh2
Qe2 34. Rd2 Qe6 35. R5d4 Kh7 36. R4d3 Kg7 37. Qc3+ Qf6 38. Qb4 Qe5 39. Rd5 Qf6
40. R5d4 Qe5 41. Rd5 Qf6 42. f4 Re8 43. Qb5 Red8 44. Qd3 Rc8 45. f5 Rc1 46. Qe4
Rf1 47. fxg6 fxg6 48. Kg2 Rc1 49. Rf2 Qa1 50. Rg5 Rxd6 51. Qe7+ Kh6 52. Rxh5+
gxh5 53. Qxd6+ Kg7 54. Qe7+ 1-0

[Event "Europa ch 2014"]
[Site "Yerevan ARM"]
[Date "2014.03.14"]
[Round "11.38"]
[White "Savchenko, Boris"]
[Black "Hovhannisyan, Robert"]
[Result "1-0"]
[WhiteElo "2560"]
[BlackElo "2611"]
[PlyCount "96"]
[EventDate "2014.03.03"]
[EventType "swiss"]
[EventRounds "11"]
[EventCountry "ARM"]
[Source "lmi"]
[SourceDate "2014.03.02"]

1. e4 e5 2. Nf3 Nc6 3. Bb5 Nf6 4. d3 d6 5. c3 g6 6. d4 Bd7 7. Qe2 Bg7 8. d5 Ne7
9. Bxd7+ Nxd7 10. c4 O-O 11. Nc3 h6 12. g4 c6 13. Be3 a6 14. O-O-O c5 15. Nd2
b5 16. cxb5 axb5 17. Qxb5 Qc7 18. Kc2 Rfb8 19. Qe2 Nb6 20. Ra1 Nec8 21. b3 Qd7
22. Rhb1 Kh7 23. a4 Qd8 24. b4 cxb4 25. Rxb4 Nd7 26. Rab1 Rxb4 27. Rxb4 Bf6 28.
Rb7 Rb8 29. Qb5 Rxb7 30. Qxb7 Bg5 31. Bxg5 hxg5 32. a5 Kg7 33. Nb3 Nc5 34. Nxc5
dxc5 35. a6 Nb6 36. a7 c4 37. Qc6 Na8 38. Nb5 Qa5 39. Qxc4 Qe1 40. Qc6 Qxe4+
41. Kb3 Qb1+ 42. Kc4 Qa2+ 43. Kc5 Qxf2+ 44. Kd6 Qf4 45. Qxa8 e4+ 46. Kc6 Qc1+
47. Kb7 Qc5 48. Qe8 e3 1-0

[Event "Europa ch 2014"]
[Site "Yerevan ARM"]
[Date "2014.03.14"]
[Round "11.39"]
[White "Huzman, Alexander"]
[Black "Bacrot, Etienne"]
[Result "0-1"]
[WhiteElo "2569"]
[BlackElo "2739"]
[PlyCount "62"]
[EventDate "2014.03.03"]
[EventType "swiss"]
[EventRounds "11"]
[EventCountry "ARM"]
[Source "lmi"]
[SourceDate "2014.03.02"]

1. d4 Nf6 2. c4 g6 3. Nf3 Bg7 4. g3 d5 5. cxd5 Nxd5 6. Bg2 Nb6 7. Nc3 Nc6 8. e3
O-O 9. O-O Re8 10. h3 e5 11. d5 Na5 12. Qc2 c6 13. b4 Nac4 14. dxc6 bxc6 15.
Nd2 e4 16. Nxc4 Nxc4 17. Nxe4 Bxa1 18. Qxc4 Rb8 19. Nc5 Qf6 20. a3 h5 21. Qc2
Rd8 22. f4 Qe7 23. Kh2 Bg7 24. Nb3 Ba6 25. Rf2 Bd3 26. Qc5 Qe6 27. Na5 Be4 28.
Nxc6 Bxc6 29. Bxc6 a6 30. Rc2 Rbc8 31. a4 Bf8 0-1

[Event "Europa ch 2014"]
[Site "Yerevan ARM"]
[Date "2014.03.14"]
[Round "11.40"]
[White "Inarkiev, Ernesto"]
[Black "Kuljasevic, Davorin"]
[Result "1-0"]
[WhiteElo "2698"]
[BlackElo "2567"]
[PlyCount "109"]
[EventDate "2014.03.03"]
[EventType "swiss"]
[EventRounds "11"]
[EventCountry "ARM"]
[Source "lmi"]
[SourceDate "2014.03.02"]

1. e4 e5 2. Nf3 Nc6 3. Bb5 a6 4. Ba4 Nge7 5. c3 g6 6. d4 exd4 7. cxd4 b5 8. Bb3
Bg7 9. d5 Na5 10. Bd2 c5 11. d6 Nec6 12. Bg5 f6 13. Be3 c4 14. Bc2 Nb4 15. Nc3
Bb7 16. Bb1 O-O 17. O-O f5 18. Bg5 Bf6 19. Bh6 Bg7 20. Bxg7 Kxg7 21. Re1 Re8
22. Qd4+ Kg8 23. Qc5 Nd3 24. Bxd3 cxd3 25. Nd5 Rc8 26. Qd4 Rc4 27. Qxd3 fxe4
28. Qd2 Nc6 29. Qh6 Ne5 30. Nxe5 Rxe5 31. Ne7+ Rxe7 32. dxe7 Qxe7 33. Rac1 Bd5
34. b3 Rc6 35. Red1 g5 36. Qh3 Qf7 37. Qe3 Qf4 38. Rxc6 dxc6 39. Qxf4 gxf4 40.
g3 f3 41. Kf1 Kf7 42. Ke1 Ke6 43. Kd2 c5 44. Ke3 b4 45. g4 a5 46. Rd2 Ke5 47.
Rc2 Kd6 48. h4 a4 49. bxa4 c4 50. a5 c3 51. a6 Bxa2 52. Rxa2 b3 53. a7 c2 54.
a8=Q c1=Q+ 55. Rd2+ 1-0

[Event "Europa ch 2014"]
[Site "Yerevan ARM"]
[Date "2014.03.14"]
[Round "11.43"]
[White "Volokitin, Andrei"]
[Black "Kotanjian, Tigran"]
[Result "0-1"]
[WhiteElo "2674"]
[BlackElo "2531"]
[PlyCount "113"]
[EventDate "2014.03.03"]
[EventType "swiss"]
[EventRounds "11"]
[EventCountry "ARM"]
[Source "lmi"]
[SourceDate "2014.03.02"]

1. e4 c5 2. Nf3 d6 3. d4 cxd4 4. Nxd4 Nf6 5. Nc3 a6 6. h3 g6 7. g4 Bg7 8. Bg2
O-O 9. Be3 Nc6 10. Qd2 Nxd4 11. Bxd4 b5 12. Bxf6 exf6 13. O-O-O Be6 14. f4 Qa5
15. Kb1 f5 16. Nd5 Qxd2 17. Rxd2 fxg4 18. hxg4 Bxg4 19. Ne3 Bd7 20. Rxd6 Ra7
21. e5 Be6 22. Bd5 Re8 23. c4 Bf8 24. c5 h5 25. c6 Rc7 26. Bf3 Kg7 27. Rc1 h4
28. Bg4 Bxg4 29. Nxg4 Rec8 30. Rf6 Be7 31. a3 h3 32. Rc2 Rd8 33. Ka2 Rd3 34. f5
Rg3 35. Rd6 gxf5 36. Nf6 Bxf6 37. Rxf6 Rg6 38. Rxf5 Rgxc6 39. Rg5+ Kf8 40. Rxc6
Rxc6 41. Rh5 Rc5 42. a4 bxa4 43. Ka3 Kg7 44. Kxa4 Kg6 45. Rxh3 Rxe5 46. Rg3+
Kh5 47. b4 f5 48. Rh3+ Kg5 49. Rg3+ Kf6 50. Rf3 Re6 51. Kb3 Kg5 52. Kc4 Kg4 53.
Ra3 f4 54. Kd5 Rb6 55. Kc5 Rf6 56. Ra4 Kg3 57. Kd4 0-1

[Event "Europa ch 2014"]
[Site "Yerevan ARM"]
[Date "2014.03.14"]
[Round "11.44"]
[White "Can, Emre"]
[Black "Shimanov, Aleksandr"]
[Result "1-0"]
[WhiteElo "2524"]
[BlackElo "2649"]
[PlyCount "93"]
[EventDate "2014.03.03"]
[EventType "swiss"]
[EventRounds "11"]
[EventCountry "ARM"]
[Source "lmi"]
[SourceDate "2014.03.02"]

1. Nf3 g6 2. d4 Bg7 3. c4 c5 4. d5 d6 5. e4 e6 6. Nc3 Ne7 7. h3 O-O 8. Bd3 Nd7
9. O-O a6 10. a4 h6 11. dxe6 fxe6 12. Be2 Nb8 13. Be3 Qc7 14. Qd2 Kh7 15. Rad1
Rd8 16. Bf4 Nec6 17. Bxd6 Qf7 18. Qe3 b6 19. e5 Bb7 20. Nh4 Nd4 21. Bd3 Nf5 22.
Nxf5 gxf5 23. a5 Rxd6 24. exd6 Bd4 25. Qf4 Nd7 26. Be4 Bxe4 27. Nxe4 e5 28. Qf3
Rf8 29. Ng3 e4 30. Qh5 Qe6 31. axb6 Nxb6 32. b3 Nd7 33. Ne2 Qxd6 34. b4 Qe5 35.
bxc5 Nf6 36. Qh4 Bxc5 37. Qf4 Qxf4 38. Nxf4 a5 39. Ne6 Rc8 40. Nxc5 Rxc5 41.
Rd6 Kg6 42. Rb1 f4 43. Rb5 Rf5 44. Ra6 e3 45. f3 Rg5 46. Raxa5 Rg3 47. Ra6 1-0

[Event "Europa ch 2014"]
[Site "Yerevan ARM"]
[Date "2014.03.14"]
[Round "11.47"]
[White "Ipatov, Alexander"]
[Black "Neverov, Valeriy"]
[Result "1-0"]
[WhiteElo "2614"]
[BlackElo "2508"]
[PlyCount "83"]
[EventDate "2014.03.03"]
[EventType "swiss"]
[EventRounds "11"]
[EventCountry "ARM"]
[Source "lmi"]
[SourceDate "2014.03.02"]

1. d4 Nf6 2. c4 g6 3. Nc3 d5 4. Nf3 Bg7 5. h4 c6 6. Bg5 dxc4 7. e4 b5 8. e5 Nd5
9. h5 Na6 10. Ne4 f6 11. Bd2 Bf5 12. Ng3 Qd7 13. Be2 O-O 14. hxg6 Bxg6 15. Nh4
fxe5 16. Nxg6 hxg6 17. Bg4 e6 18. dxe5 Nc5 19. O-O Bxe5 20. Bh6 Bg7 21. Bxg7
Qxg7 22. b3 Rf4 23. bxc4 bxc4 24. Qe2 Qf6 25. Rac1 Rf8 26. Rxc4 Nc3 27. Bxe6+
Kg7 28. Qe3 N3a4 29. Nf5+ Rxf5 30. Bxf5 Qxf5 31. Rxa4 Nxa4 32. Qxa7+ Rf7 33.
Qxa4 c5 34. Qc4 Qe5 35. Rd1 Rf4 36. Rd7+ Kh6 37. Qc1 g5 38. Qb1 Qf5 39. Rd6+
Kh5 40. Qd1+ Qg4 41. f3 Qg3 42. Qb1 1-0

[Event "Europa ch 2014"]
[Site "Yerevan ARM"]
[Date "2014.03.14"]
[Round "11.48"]
[White "Aghasaryan, Robert"]
[Black "Tregubov, Pavel V"]
[Result "1/2-1/2"]
[WhiteElo "2503"]
[BlackElo "2614"]
[PlyCount "99"]
[EventDate "2014.03.03"]
[EventType "swiss"]
[EventRounds "11"]
[EventCountry "ARM"]
[Source "lmi"]
[SourceDate "2014.03.02"]

1. d4 Nf6 2. c4 c5 3. d5 b5 4. cxb5 a6 5. bxa6 g6 6. Nc3 Bxa6 7. g3 Bg7 8. Bg2
d6 9. Nf3 Nbd7 10. Rb1 O-O 11. O-O Qa5 12. Bd2 Qc7 13. b3 Bb7 14. Nh4 Nb6 15.
Bc1 Nfd7 16. Nb5 Qc8 17. a4 c4 18. Bg5 Nf6 19. e4 cxb3 20. Qxb3 Nxa4 21. e5 Nc5
22. exf6 Nxb3 23. fxg7 Kxg7 24. Rxb3 f6 25. Be3 g5 26. Rc1 gxh4 27. Rxc8 Rfxc8
28. Rb1 Ba6 29. Nd4 Rcb8 30. Re1 Bd3 31. Nc6 Rb1 32. Rxb1 Bxb1 33. Nxe7 Bd3 34.
h3 hxg3 35. Bf3 Ra1+ 36. Kg2 gxf2 37. Kxf2 Ra2+ 38. Kg3 Ra3 39. Kf2 Ra2+ 40.
Kg3 Ra3 41. Bc1 Rb3 42. Kf2 f5 43. Nc8 Be4 44. Bxe4 fxe4 45. Nxd6 Rxh3 46. Nxe4
Rd3 47. d6 Kf7 48. Bf4 h5 49. Ke2 Rd5 50. Kf3 1/2-1/2

[Event "Europa ch 2014"]
[Site "Yerevan ARM"]
[Date "2014.03.14"]
[Round "11.50"]
[White "Zhigalko, Andrey"]
[Black "Raznikov, Danny"]
[Result "1/2-1/2"]
[WhiteElo "2603"]
[BlackElo "2490"]
[PlyCount "84"]
[EventDate "2014.03.03"]
[EventType "swiss"]
[EventRounds "11"]
[EventCountry "ARM"]
[Source "lmi"]
[SourceDate "2014.03.02"]

1. e4 e5 2. Nf3 Nc6 3. Bb5 Nf6 4. O-O Nxe4 5. d4 Nd6 6. Bxc6 dxc6 7. dxe5 Nf5
8. Qxd8+ Kxd8 9. Rd1+ Ke8 10. Nc3 Ne7 11. h3 Ng6 12. Be3 Be7 13. a3 Nh4 14.
Nxh4 Bxh4 15. g4 Be7 16. Kg2 h5 17. f3 b6 18. Ne2 Bb7 19. a4 Rd8 20. a5 c5 21.
Nf4 hxg4 22. hxg4 Rxd1 23. Rxd1 Bg5 24. Nd5 Bxe3 25. Nxe3 g6 26. a6 Bc6 27. Kg3
Ke7 28. f4 Ke6 29. c4 g5 30. Nd5 gxf4+ 31. Kxf4 Bxd5 32. cxd5+ Ke7 33. Rc1 Rh2
34. b4 Rd2 35. bxc5 Rxd5 36. cxb6 cxb6 37. Ke4 Ra5 38. Rc7+ Ke6 39. Rxa7 Ra4+
40. Kf3 Kxe5 41. Rxf7 Ra3+ 42. Kg2 Rxa6 1/2-1/2